000 00454nam a2200181Ia 4500
003 GCL
008 140319s9999 xx 000 0 eng d
040 _aGCL /
_cGCL
082 0 4 _a737.609394
_bC N
100 1 _aCOLLON, DOMINIQUE
245 1 0 _aNEAR EASTERN SEALS /
_cCOLLON, DOMINIQUE
260 _a[S.N] :
_bBRITISH MUSEUM PRESS
300 _a62
650 0 4 _aANCIENT PERIOD
650 0 4 _aMIDDLE EAST - SEALS
650 0 4 _aSEALS
942 _2ddc
_cBK
999 _c17442
_d17442